Państwa z największą ilością Polaków - Statystyki

Ogólne statystyki
  • Ten quiz został rozwiązany 253 razy
  • Średni wynik to 8 z 10
Statystyki odpowiedzi
Miejsce Liczba Polaków Państwo % Poprawnych
2. 2200 tyś. Niemcy
99%
1. 10000 tyś. Stany Zjednoczone
98%
6. 1020 tyś. Wielka Brytania
92%
5. 1500 tyś. Kanada
88%
4. 1500 tyś. + Francja
87%
3. 1900 tyś. Brazylia
82%
7. 450 tyś Argentyna
70%
10. 200 tyś. Australia
68%
9. 235 tyś. Litwa
62%
8. 400 tyś. Białoruś
52%
Nie znaleziono quizów pasujących do podanych kryteriów
Rozkład punktacji
Procent ludzi z każdym wynikiem
Percentyl według liczby udzielonych odpowiedzi
Twoja historia wyników
Nie rozwiązałeś tego quizu